| 000 | 01154nmc a2200325 a 4500 | ||
|---|---|---|---|
| 003 | AR-BaBNM | ||
| 005 | 20251128204421.0 | ||
| 008 | 097019s1984 ||||||||||||||000 | spa|| | ||
| 040 | _cAR-BaBNM | ||
| 100 | 1 | _aAgulla, Juan Carlos | |
| 245 | 1 | 0 |
_aLibertad y compromiso _bconvocatoria para un nuevo proyecto de la universidad argentina |
| 250 | _a2ª ed. | ||
| 260 |
_aBuenos Aires _bCINAE _bInstituto de Estudios Nacionales '2 de abril de 1982' _c1984 |
||
| 300 | 0 |
_a127 p. _btablas, diagr. |
|
| 490 | 0 |
_aCongreso Pedagógico. Compromiso y creatividad _vv. 8 |
|
| 500 | 0 | _aCINAE: Centro de Investigación y Acción Educativa | |
| 650 | 4 | _aUNIVERSIDADES | |
| 650 | 4 | _aORGANIZACION DE LA UNIVERSIDAD | |
| 650 | 4 | _aPLANIFICACION DE LA UNIVERSIDAD | |
| 650 | 4 | _aPOLITICA EDUCATIVA | |
| 650 | 4 | _aDIAGNOSTICO EDUCACIONAL | |
| 653 | 0 | _aLEGISLACION UNIVERSITARIA | |
| 700 | 1 |
_aGelderen, Alfredo Manuel van _ecolaborador |
|
| 700 | 1 |
_aSalonia, Antonio Francisco _ecolaborador |
|
| 700 | 1 |
_aTaquini, Alberto Carlos _ecolaborador |
|
| 700 | 1 |
_aZapiola, Marcelo _ecolaborador |
|
| 700 | 1 |
_aNitti, Luis _eprologuista |
|
| 942 | _cBK | ||
| 998 | _csilvi | ||
| 999 |
_c7362 _d7362 |
||